000 00426nam a2200181Ia 4500
001 1897
005 20260306143802.0
008 260306t2010||||xx |||||||||||||| ||spa||
041 _aESP
082 _a158.1
_bF54
100 _aFischman, David
_eAUT
245 0 _aLa alta rentabilidad de la felicidad
260 _c2010
300 _a214 páginas :
_c22 cm.
650 _aGEN
654 _aCPS
942 _cLIB
_dJUS
_fJUS
_2ddc
_n
999 _c1897
_d1897